|
|
|
|
| LEADER |
00000cam a2200000 7i4500 |
| 001 |
0000026928 |
| 005 |
20220105104036.0 |
| 008 |
090805 |
| 020 |
|
|
|a 9833866519
|
| 090 |
0 |
0 |
|a JP MOR
|b MAL
|
| 245 |
1 |
0 |
|a Musang dengan peladang
|
| 260 |
|
|
|a Selangor :
|b Education matters ,
|c 2008
|
| 440 |
|
|
|a Cerita teladan Aesop
|
| 500 |
|
|
|a Children age 4-6 years old (yellow)
|
| 650 |
|
0 |
|a Childrens stories, Malay
|
| 650 |
|
0 |
|a Fables, Malay
|
| 650 |
|
0 |
|a Malay fiction
|
| 999 |
|
|
|a 0001058357
|b Book
|c Children Collection
|e Perbadanan Perpustakaan Awam Johor
|
| 999 |
|
|
|a 0001058358
|b Book
|c Children Collection
|e Perbadanan Perpustakaan Awam Johor
|
| 999 |
|
|
|a 0001058359
|b Book
|c Children Collection
|e Cawangan Batu Pahat
|
| 999 |
|
|
|a 0001058360
|b Book
|c Children Collection
|e Cawangan Bandar Penawar
|